Natural products: drug discovery and therapeutic medicine (Record no. 1215492)

MARC details
000 -LEADER
fixed length control field 01106nam a2200325Ia 4500
003 - CONTROL NUMBER IDENTIFIER
control field OSt
005 - DATE AND TIME OF LATEST TRANSACTION
control field 20221007125544.0
008 - FIXED-LENGTH DATA ELEMENTS--GENERAL INFORMATION
fixed length control field 221006b |||||||| |||| 00| 0 eng d
020 ## - INTERNATIONAL STANDARD BOOK NUMBER
International Standard Book Number 1588293831 (hbd)
037 ## - SOURCE OF ACQUISITION
Terms of availability Textual
040 ## - CATALOGING SOURCE
Original cataloging agency CDL
Transcribing agency CDL
Language of cataloging eng
041 ## - LANGUAGE CODE
Source of code eng
Language code of text/sound track or separate title eng
100 ## - MAIN ENTRY--PERSONAL NAME
Personal name Zhang Lixin Ed.
9 (RLIN) 722111
245 #0 - TITLE STATEMENT
Title Natural products: drug discovery and therapeutic medicine
Remainder of title Demain Arnold L Ed.
260 ## - PUBLICATION, DISTRIBUTION, ETC.
Place of publication, distribution, etc. New
Name of publisher, distributor, etc. Jersey Humana Press
Date of publication, distribution, etc. 2005
300 ## - PHYSICAL DESCRIPTION
Extent xiv, 382p.
Dimensions cm.
500 ## - GENERAL NOTE
General note Includes bibliographical references; Index 371-382p.
650 ## - SUBJECT ADDED ENTRY--TOPICAL TERM
Topical term or geographic name entry element Biological factors-therapeutic
9 (RLIN) 722112
650 ## - SUBJECT ADDED ENTRY--TOPICAL TERM
Topical term or geographic name entry element Biological products
9 (RLIN) 722113
650 ## - SUBJECT ADDED ENTRY--TOPICAL TERM
Topical term or geographic name entry element Drug design
650 ## - SUBJECT ADDED ENTRY--TOPICAL TERM
Topical term or geographic name entry element Pharmacognosy
9 (RLIN) 713083
650 ## - SUBJECT ADDED ENTRY--TOPICAL TERM
Topical term or geographic name entry element Chemistry
700 ## - ADDED ENTRY--PERSONAL NAME
Personal name Demain Arnold L Ed.
942 ## - ADDED ENTRY ELEMENTS (KOHA)
Classification part E9, P5 Carc
Koha item type Textual
Source of classification or shelving scheme Colon Classification (CC)
Holdings
Withdrawn status Lost status Source of classification or shelving scheme Damaged status Not for loan Home library Current library Date acquired Source of acquisition Total Checkouts Full call number Barcode Date last seen Price effective from Koha item type
    Colon Classification (CC)     Department of Chemistry Library Department of Chemistry Library 2022-10-07 009, 30/06/2005, Dhanraj Book House   E9 P5 Carc CD0007105 2022-10-07 2022-10-07 Textual
Copyright @ Delhi University Library System